[Event "chess.com Speed 1m+1spm 2017"]
[Site "chess.com INT"]
[Date "2017.11.18"]
[Round "2.33"]
[White "So, Wesley"]
[Black "Carlsen, Magnus"]
[Result "0-1"]
[WhiteTitle "GM"]
[BlackTitle "GM"]
[WhiteElo "2815"]
[BlackElo "2832"]
[WhiteFideId "5202213"]
[BlackFideId "1503014"]
[EventDate "2017.05.03"]

1. Nf3 b5 2. c4 bxc4 3. e4 Bb7 4. Nc3 e6 5. Bxc4 c5 6. O-O Nf6 7. Re1 Nc6 8. e5
Ng4 9. h3 Nh6 10. d4 cxd4 11. Nxd4 Nxd4 12. Qxd4 Nf5 13. Qd1 Bc5 14. Bd3 Qh4 15.
Qe2 Nd4 16. Qf1 Nf3+ 17. gxf3 Qg3+ 18. Qg2 Bxf2+ 19. Kf1 Bxe1 20. Nb5 Bxf3 21.
Nc7+ Ke7 22. Qc2 Bb4 23. Be3 Qxh3+ 0-1

[Event "chess.com Speed 1m+1spm 2017"]
[Site "chess.com INT"]
[Date "2017.11.18"]
[Round "2.34"]
[White "Carlsen, Magnus"]
[Black "So, Wesley"]
[Result "1-0"]
[WhiteTitle "GM"]
[BlackTitle "GM"]
[WhiteElo "2832"]
[BlackElo "2815"]
[WhiteFideId "1503014"]
[BlackFideId "5202213"]
[EventDate "2017.05.03"]

1. f4 c5 2. Nf3 Nc6 3. e4 e6 4. Nc3 Nge7 5. g3 d5 6. d3 dxe4 7. dxe4 Qxd1+ 8.
Nxd1 b6 9. c3 Bb7 10. Nf2 h5 11. Be3 Ng8 12. O-O-O Nf6 13. Bb5 a6 14. Ba4 Be7
15. Ne5 b5 16. Nxc6 Bxc6 17. Bc2 Ng4 18. Nxg4 hxg4 19. Rd2 Rd8 20. Rhd1 Rxd2 21.
Rxd2 Rh5 22. e5 Rh8 23. Bd1 Bf3 24. Bxf3 gxf3 25. Rf2 f5 26. exf6 gxf6 27. h4
Kf7 28. Rxf3 Kg6 29. Bf2 Kf5 30. Kd2 c4 31. Ke2 Rd8 32. Re3 Bc5 33. g4+ Kxg4 34.
Rg3+ Kxf4 35. Rf3+ Kg4 36. Bxc5 f5 37. Bd4 Re8 38. Re3 Kxh4 39. Kf3 Kg5 40. Re1
a5 41. Rg1+ 1-0

[Event "chess.com Speed 1m+1spm 2017"]
[Site "chess.com INT"]
[Date "2017.11.18"]
[Round "2.35"]
[White "So, Wesley"]
[Black "Carlsen, Magnus"]
[Result "0-1"]
[WhiteTitle "GM"]
[BlackTitle "GM"]
[WhiteElo "2815"]
[BlackElo "2832"]
[WhiteFideId "5202213"]
[BlackFideId "1503014"]
[EventDate "2017.05.03"]

1. b3 c5 2. Bb2 Nc6 3. Nf3 Nf6 4. Bxf6 gxf6 5. c4 f5 6. Nc3 Bg7 7. Rc1 b6 8. g3
Bb7 9. Bg2 e6 10. e3 Qe7 11. O-O h5 12. h4 O-O-O 13. d4 Kb8 14. d5 Ne5 15. d6
Qf8 16. Nxe5 Bxe5 17. Bxb7 Kxb7 18. Nb5 a6 19. Qf3+ Kb8 20. Nc7 Qxd6 21. Nxa6+
Ka7 22. b4 Kxa6 23. Rfd1 Qc7 24. bxc5 Qxc5 25. Rd3 Qc6 26. Qe2 Kb7 27. c5 bxc5
28. Rb3+ Kc7 29. Qd2 Ra8 0-1

[Event "chess.com Speed 1m+1spm 2017"]
[Site "chess.com INT"]
[Date "2017.11.18"]
[Round "2.36"]
[White "Carlsen, Magnus"]
[Black "So, Wesley"]
[Result "1-0"]
[WhiteTitle "GM"]
[BlackTitle "GM"]
[WhiteElo "2832"]
[BlackElo "2815"]
[WhiteFideId "1503014"]
[BlackFideId "5202213"]
[EventDate "2017.05.03"]

1. Nf3 Nf6 2. c4 e6 3. Nc3 d5 4. cxd5 exd5 5. d4 c6 6. Bf4 Bd6 7. Bxd6 Qxd6 8.
e3 Bf5 9. Nh4 Bg6 10. h3 Nbd7 11. Nxg6 hxg6 12. Bd3 O-O 13. O-O Rfe8 14. Rb1 a5
15. a3 b5 16. Qc2 Nb6 17. Rfc1 a4 18. Na2 Nc4 19. Nb4 Re6 20. Qd1 Rae8 21. b3
axb3 22. Rxb3 Ra8 23. Rbc3 Nd7 24. Ra1 Ndb6 25. Rcc1 Qe7 26. Qe1 Qd7 27. Bf1
Rxa3 28. Rxa3 Nxa3 29. Ra1 Nac4 30. Ra6 Qd6 31. Nd3 Re8 32. Qa1 Na4 33. Ne5 Nxe5
34. Bxb5 Qb4 35. Bxa4 Nd3 36. Bxc6 Rb8 37. Ra8 Rxa8 38. Qxa8+ Kh7 39. Qa1 Qd2
40. Qf1 Nb4 41. Be8 f5 42. g3 g5 43. h4 gxh4 44. gxh4 f4 45. Qh3 Nd3 46. Qf5+
Kh8 47. Qh5+ Kg8 48. Qxd5+ Kh8 49. Qf3 fxe3 50. Qxe3 Qd1+ 51. Kh2 Qf1 52. Bg6
Qxf2+ 53. Qxf2 Nxf2 54. Kg3 Nd1 55. d5 Nc3 56. d6 Ne2+ 57. Kf3 Nd4+ 58. Ke4 Ne6
59. Kd5 Nd8 60. d7 Kg8 61. Kd6 Kf8 62. h5 Nb7+ 63. Kc7 Ke7 64. Be4 Nd8 65. Bd5 1-0

[Event "chess.com Speed 5m+2spm 2017"]
[Site "chess.com INT"]
[Date "2017.11.21"]
[Round "3.1"]
[White "Grischuk, Alexander"]
[Black "Carlsen, Magnus"]
[Result "0-1"]
[WhiteTitle "GM"]
[BlackTitle "GM"]
[WhiteElo "2750"]
[BlackElo "2832"]
[WhiteFideId "4126025"]
[BlackFideId "1503014"]
[EventDate "2017.05.03"]

1. Nf3 d5 2. g3 Bg4 3. Bg2 c6 4. O-O Nd7 5. d3 e6 6. e4 Bd6 7. h3 Bh5 8. exd5
exd5 9. Qe1+ Ne7 10. Nh4 O-O 11. g4 Re8 12. gxh5 Nc8 13. Qd1 Qxh4 14. Qg4 Qd8
15. h6 g6 16. c4 Ne5 17. Qd1 dxc4 18. dxc4 Nb6 19. Nc3 Nexc4 20. Ne4 Be5 21. Qf3
f5 22. Ng5 Bxb2 23. Bf4 Bxa1 24. Rxa1 Qf6 25. Rc1 Rad8 26. h4 Rd4 27. Qc3 Rd1+
28. Kh2 Qxc3 29. Rxc3 Rd4 30. Kg3 Red8 31. Bf1 Rxf4 0-1

[Event "chess.com Speed 5m+2spm 2017"]
[Site "chess.com INT"]
[Date "2017.11.21"]
[Round "3.2"]
[White "Carlsen, Magnus"]
[Black "Grischuk, Alexander"]
[Result "1/2-1/2"]
[WhiteTitle "GM"]
[BlackTitle "GM"]
[WhiteElo "2832"]
[BlackElo "2750"]
[WhiteFideId "1503014"]
[BlackFideId "4126025"]
[EventDate "2017.05.03"]

1. c4 Nf6 2. Nf3 c5 3. Nc3 e6 4. e3 Nc6 5. d4 d5 6. cxd5 exd5 7. Bb5 cxd4 8.
Nxd4 Bd7 9. O-O Bd6 10. Nf3 a6 11. Bxc6 bxc6 12. e4 Bb4 13. exd5 O-O 14. Bg5
Bxc3 15. bxc3 cxd5 16. Qd4 Rc8 17. Ne5 Be6 18. Rab1 h6 19. Bxf6 Qxf6 20. Rb6 a5
21. f4 Rb8 22. Rfb1 Rxb6 23. Rxb6 Qf5 24. h3 Qc2 25. Nc6 Kh7 26. Ne7 Re8 27. Rb7
Bf5 28. Nxf5 Qxf5 29. Rb5 Re2 30. Qxd5 Qxd5 31. Rxd5 Rxa2 1/2-1/2

[Event "chess.com Speed 5m+2spm 2017"]
[Site "chess.com INT"]
[Date "2017.11.21"]
[Round "3.2"]
[White "Grischuk, Alexander"]
[Black "Carlsen, Magnus"]
[Result "1/2-1/2"]
[WhiteTitle "GM"]
[BlackTitle "GM"]
[WhiteElo "2750"]
[BlackElo "2832"]
[WhiteFideId "4126025"]
[BlackFideId "1503014"]
[EventDate "2017.05.03"]

1. Nf3 d5 2. d4 Nf6 3. c4 e6 4. Nc3 Bb4 5. Bg5 dxc4 6. e4 b5 7. a4 c5 8. axb5
cxd4 9. Nxd4 h6 10. Bxf6 Qxf6 11. b6 a5 12. Bxc4 O-O 13. O-O Bxc3 14. bxc3 Nd7
15. Nxe6 fxe6 16. b7 Bxb7 17. Qxd7 Bxe4 18. Qxe6+ Qxe6 19. Bxe6+ Kh7 20. f3 Rf6
21. Bb3 Rb6 22. Ra3 Bc6 23. Rfa1 Rb5 24. Bc2+ Kg8 25. Ba4 Rc5 26. Bxc6 Rxc6 27.
Rxa5 Rxa5 28. Rxa5 Rxc3 29. h3 Rc4 30. Kh2 Kh7 31. Ra6 g5 32. Kg3 Kg7 33. Re6
Ra4 34. Re4 Ra2 35. h4 Kg6 36. Re6+ Kh5 37. Kh3 gxh4 38. Re4 Kg6 39. Rg4+ Kf6
40. Kxh4 Ra5 41. Rb4 Ra2 42. Rb6+ Kg7 43. g3 Rh2+ 44. Kg4 Ra2 45. f4 Ra5 46. Kh4
Ra1 47. f5 Rh1+ 48. Kg4 Rf1 49. Rg6+ Kh7 50. Re6 Kg7 51. Re7+ Kf6 52. Re6+ Kg7
53. Re4 Kf6 54. Rf4 h5+ 55. Kxh5 Rxf4 56. gxf4 Kxf5 57. Kh6 Kxf4 1/2-1/2

[Event "chess.com Speed 5m+2spm 2017"]
[Site "chess.com INT"]
[Date "2017.11.21"]
[Round "3.4"]
[White "Carlsen, Magnus"]
[Black "Grischuk, Alexander"]
[Result "1-0"]
[WhiteTitle "GM"]
[BlackTitle "GM"]
[WhiteElo "2832"]
[BlackElo "2750"]
[WhiteFideId "1503014"]
[BlackFideId "4126025"]
[EventDate "2017.05.03"]

1. c4 c5 2. Nf3 Nf6 3. Nc3 Nc6 4. e3 e5 5. Be2 d5 6. cxd5 Nxd5 7. O-O Nc7 8. Qc2
Be7 9. Rd1 O-O 10. a3 Be6 11. b3 Rc8 12. Bb2 b6 13. Bc4 Kh8 14. h4 f6 15. h5 Bg4
16. h6 gxh6 17. Qe4 Qd7 18. Nb5 Nxb5 19. Bxb5 Qe6 20. d4 exd4 21. Qxe6 Bxe6 22.
exd4 Bxb3 23. Re1 Bd6 24. d5 Ne5 25. Nxe5 Bxe5 26. Rxe5 fxe5 27. Bxe5+ Kg8 28.
d6 Rcd8 29. Re1 Rf5 30. f4 Rf7 31. Bc6 Kf8 32. Re3 Be6 33. Kh2 Rc8 34. d7 Rxd7
35. Bxd7 Bxd7 36. Bd6+ Kg8 37. Re7 Bf5 38. Be5 c4 39. g4 Bd3 40. Bc3 Kf8 41.
Rxa7 Re8 42. f5 Re2+ 43. Kg3 Re3+ 44. Kf2 Re2+ 45. Kf3 Rc2 46. Bb4+ Ke8 47. f6
Bg6 48. f7+ Bxf7 49. Re7+ Kd8 50. Rxf7 c3 51. Rxh7 Rc1 52. Ke2 Rg1 53. Kd3 Rxg4
54. Kxc3 Kc8 55. Kb3 h5 56. Rxh5 Kb7 57. Rh6 Rd4 58. Re6 Rg4 59. Bd2 Rg5 60.
Bxg5 1-0

[Event "chess.com Speed 5m+2spm 2017"]
[Site "chess.com INT"]
[Date "2017.11.21"]
[Round "3.5"]
[White "Grischuk, Alexander"]
[Black "Carlsen, Magnus"]
[Result "0-1"]
[WhiteTitle "GM"]
[BlackTitle "GM"]
[WhiteElo "2750"]
[BlackElo "2832"]
[WhiteFideId "4126025"]
[BlackFideId "1503014"]
[EventDate "2017.05.03"]

1. e4 e5 2. Nf3 Nc6 3. Nc3 Nf6 4. Bb5 Bb4 5. O-O O-O 6. d3 Bxc3 7. bxc3 d6 8.
Re1 Bd7 9. d4 Re8 10. Bd3 Bg4 11. d5 Nb8 12. h3 Bxf3 13. Qxf3 Nbd7 14. Rb1 Nc5
15. Be3 Rb8 16. g4 Nfd7 17. g5 Nf8 18. Bb5 Re7 19. Kh2 Ng6 20. Rg1 Nf4 21. Rg4
Qf8 22. Bxf4 exf4 23. Rxf4 Re5 24. Rg1 Qe7 25. Bd3 Re8 26. Rgg4 a6 27. c4 Nd7
28. Qg3 Nc5 29. h4 Rf8 30. Kg2 Nd7 31. Rf5 f6 32. gxf6 Rxf6 33. Rfg5 Rf7 34. f4
Rxg5 35. hxg5 Nc5 36. e5 Nxd3 37. cxd3 dxe5 38. fxe5 Qa3 39. Rf4 Qxa2+ 40. Kh3
Qb1 41. Rxf7 Qh1+ 42. Kg4 Kxf7 43. e6+ Ke8 44. Qxc7 Qg2+ 45. Qg3 Qxg3+ 46. Kxg3
a5 47. c5 Ke7 48. Kf4 a4 49. Ke5 a3 50. d6+ Ke8 51. e7 Kd7 52. Kd5 a2 0-1

[Event "chess.com Speed 5m+2spm 2017"]
[Site "chess.com INT"]
[Date "2017.11.21"]
[Round "3.6"]
[White "Carlsen, Magnus"]
[Black "Grischuk, Alexander"]
[Result "1-0"]
[WhiteTitle "GM"]
[BlackTitle "GM"]
[WhiteElo "2832"]
[BlackElo "2750"]
[WhiteFideId "1503014"]
[BlackFideId "4126025"]
[EventDate "2017.05.03"]

1. e4 c5 2. Nf3 e6 3. d3 Nc6 4. g3 g6 5. h4 Nf6 6. Bg2 Bg7 7. O-O O-O 8. Re1 d5
9. Nbd2 b5 10. exd5 exd5 11. Nb3 c4 12. Nbd4 Nxd4 13. Nxd4 Qb6 14. Be3 Ng4 15.
Nf5 Nxe3 16. Nxe3 Bb7 17. Nxd5 Bxd5 18. Bxd5 Rad8 19. dxc4 bxc4 20. Qf3 Qxb2 21.
Rad1 Qxc2 22. Bxf7+ Kh8 23. Rxd8 Rxd8 24. Qc6 Rf8 25. Re8 Qf5 26. Rxf8+ Bxf8 27.
Qxc4 Qf6 28. h5 Kg7 29. Be8 Bd6 30. Kg2 Be5 31. Qe4 Bd4 32. f4 Bc5 33. Ba4 Qb2+
34. Bc2 Qf6 35. Qb7+ Kh6 36. hxg6 hxg6 37. Qe4 Kg7 38. Kf3 Bb6 39. Kg4 Kh6 40.
Qe8 Kg7 41. a4 Bd4 42. a5 Bg1 43. Bd3 Bf2 44. a6 Bb6 45. Kf3 Qf7 46. Qe4 Qf6 47.
Bc2 Qc3+ 48. Kg2 Qf6 49. Kh3 Bg1 50. Qb7+ Kh6 51. Qc8 Bb6 52. Qg8 Qg7 53. Qe6
Bd4 54. g4 Kh7 55. g5 Kh8 56. Bxg6 Qf8 57. Kg4 1-0

[Event "chess.com Speed 5m+2spm 2017"]
[Site "chess.com INT"]
[Date "2017.11.21"]
[Round "3.7"]
[White "Grischuk, Alexander"]
[Black "Carlsen, Magnus"]
[Result "0-1"]
[WhiteTitle "GM"]
[BlackTitle "GM"]
[WhiteElo "2750"]
[BlackElo "2832"]
[WhiteFideId "4126025"]
[BlackFideId "1503014"]
[EventDate "2017.05.03"]

1. e4 e5 2. Nf3 Nc6 3. Bb5 a6 4. Ba4 Nf6 5. O-O b5 6. Bb3 Bb7 7. d3 Be7 8. Re1
O-O 9. a4 Re8 10. c3 h6 11. Ba2 b4 12. Nbd2 Bc5 13. Nc4 Ba7 14. Be3 Bxe3 15.
Nxe3 Rb8 16. a5 d6 17. Bc4 bxc3 18. bxc3 Bc8 19. Qa4 Ne7 20. Qa2 Rf8 21. Rab1
Ra8 22. Nh4 c6 23. g3 d5 24. exd5 cxd5 25. Bb3 Be6 26. Nf3 Ng6 27. d4 e4 28. Ne5
Nxe5 29. dxe5 Nd7 30. Nxd5 Nxe5 31. Rxe4 Nf3+ 32. Kg2 Ng5 33. Rh4 Rc8 34. Rd1
Rc5 35. Rdd4 Rxa5 36. Qd2 Ra1 37. Qe3 Qd7 38. Nf6+ gxf6 39. Rxd7 Bxd7 40. f4 Re8
41. Qxe8+ Bxe8 42. fxg5 hxg5 43. Rb4 Kg7 44. Kf2 a5 45. Rb8 Bc6 46. Rb6 Be4 47.
Ra6 Ra3 48. Bd1 Ra2+ 49. Ke3 Bd5 50. h4 Rg2 51. hxg5 fxg5 52. g4 Rg1 53. Be2 Re1
54. Kd4 Bb7 55. Ra7 Rxe2 56. Rxb7 Rg2 57. c4 Rxg4+ 58. Kd5 Rg1 59. c5 Rd1+ 60.
Ke5 Rc1 61. Kd6 g4 62. c6 a4 63. c7 g3 64. Rb5 Kf6 65. Rc5 Rxc5 66. Kxc5 g2 67.
c8=Q g1=Q+ 68. Kb4 Qd4+ 69. Ka3 Kg7 70. Qc1 f6 71. Qc7+ Kg6 72. Qg3+ Kf7 73.
Qc7+ Ke6 74. Qc8+ Qd7 75. Qc4+ Ke7 76. Qe4+ Qe6 77. Qb7+ Kd6 78. Qb6+ Ke7 79.
Qb7+ Ke8 80. Qb8+ Kf7 0-1

[Event "chess.com Speed 3m+2spm 2017"]
[Site "chess.com INT"]
[Date "2017.11.21"]
[Round "3.9"]
[White "Grischuk, Alexander"]
[Black "Carlsen, Magnus"]
[Result "1/2-1/2"]
[WhiteTitle "GM"]
[BlackTitle "GM"]
[WhiteElo "2750"]
[BlackElo "2832"]
[WhiteFideId "4126025"]
[BlackFideId "1503014"]
[EventDate "2017.05.03"]

1. e4 e5 2. Nf3 Nc6 3. Bb5 Nf6 4. O-O Nxe4 5. d4 Be7 6. Qe2 Nd6 7. Bxc6 bxc6 8.
dxe5 Nb7 9. Nd4 O-O 10. Re1 Re8 11. Nc3 Bc5 12. Qd3 Bxd4 13. Qxd4 d5 14. Na4 Bf5
15. Qc3 d4 16. Qxc6 Qd7 17. Qxb7 Qxa4 18. b3 Qa5 19. Bb2 c5 20. Qd5 Rad8 21. Qc4
h6 22. h3 Qb4 23. Qxb4 cxb4 24. Rad1 Bxc2 25. Rxd4 a5 26. Rc1 Bf5 27. Rc5 Rc8
28. Rdd5 Rxc5 29. Rxc5 Ra8 30. g4 Bb1 31. a3 Ba2 32. axb4 axb4 33. Rb5 Bxb3 34.
Rxb4 Be6 35. f4 g6 36. Kf2 Rd8 37. Bd4 Ra8 38. Bb2 Rd8 39. Ke3 h5 40. f5 gxf5
41. gxh5 Kh7 42. Bc1 Rd1 43. Bd2 Rh1 44. Ke2 Rh2+ 45. Ke1 Rxh3 46. h6 Rg3 47.
Bf4 Rb3 48. Rxb3 Bxb3 49. Kf2 1/2-1/2

[Event "chess.com Speed 3m+2spm 2017"]
[Site "chess.com INT"]
[Date "2017.11.21"]
[Round "3.10"]
[White "Carlsen, Magnus"]
[Black "Grischuk, Alexander"]
[Result "1/2-1/2"]
[WhiteTitle "GM"]
[BlackTitle "GM"]
[WhiteElo "2832"]
[BlackElo "2750"]
[WhiteFideId "1503014"]
[BlackFideId "4126025"]
[EventDate "2017.05.03"]

1. Nf3 Nf6 2. c4 c5 3. Nc3 Nc6 4. e3 e6 5. d4 d5 6. cxd5 exd5 7. Bb5 cxd4 8.
Nxd4 Bd7 9. O-O Bd6 10. Nf3 Be6 11. b3 O-O 12. Bb2 a6 13. Bd3 Bg4 14. h3 Bh5 15.
Be2 Re8 16. Nh4 Bg6 17. Nxg6 hxg6 18. Bf3 Be5 19. Rb1 d4 20. exd4 Nxd4 21. Bxb7
Ra7 22. Bf3 Rd7 23. Na4 Bb8 24. Bxd4 Rxd4 25. Qc2 Qd6 26. g3 Ba7 27. Qc6 Qxc6
28. Bxc6 Re2 29. Rb2 Rxb2 30. Nxb2 Rd2 31. Nc4 Rxa2 32. Ne5 Rb2 33. Kg2 Rxb3 34.
Rd1 Bb6 35. Nc4 Rc3 36. Nxb6 Rxc6 37. Rd8+ Kh7 38. Nd7 Nxd7 39. Rxd7 f6 40. h4
a5 41. Ra7 Rc5 42. f4 g5 43. hxg5 fxg5 44. Kf3 gxf4 45. gxf4 Rc3+ 46. Kg4 Ra3
47. f5 Kg8 48. f6 gxf6 49. Kf5 a4 50. Kxf6 Ra1 51. Ke5 a3 52. Kd4 a2 53. Kc3
Rc1+ 54. Kb2 a1=Q+ 55. Rxa1 Rxa1 56. Kxa1 1/2-1/2

[Event "chess.com Speed 3m+2spm 2017"]
[Site "chess.com INT"]
[Date "2017.11.21"]
[Round "3.11"]
[White "Grischuk, Alexander"]
[Black "Carlsen, Magnus"]
[Result "1/2-1/2"]
[WhiteTitle "GM"]
[BlackTitle "GM"]
[WhiteElo "2750"]
[BlackElo "2832"]
[WhiteFideId "4126025"]
[BlackFideId "1503014"]
[EventDate "2017.05.03"]

1. e4 e5 2. Nf3 Nc6 3. Bb5 a6 4. Ba4 Nf6 5. O-O Be7 6. d3 b5 7. Bb3 d6 8. a3 O-O
9. Nc3 Na5 10. Ba2 Be6 11. b4 Bxa2 12. Nxa2 Nc6 13. c4 Nd4 14. Nc3 Nxf3+ 15.
Qxf3 c6 16. Be3 Qd7 17. a4 d5 18. exd5 cxd5 19. Nxd5 Nxd5 20. Qxd5 Qxd5 21. cxd5
Rad8 22. Rfc1 Rxd5 23. axb5 axb5 24. Bc5 Bxc5 25. Rxc5 Rxc5 26. bxc5 Rc8 27. Ra5
b4 28. Rb5 f6 29. Kf1 b3 30. Ke2 b2 31. Rxb2 Rxc5 32. h4 Rd5 33. g3 1/2-1/2

[Event "chess.com Speed 3m+2spm 2017"]
[Site "chess.com INT"]
[Date "2017.11.21"]
[Round "3.12"]
[White "Carlsen, Magnus"]
[Black "Grischuk, Alexander"]
[Result "1/2-1/2"]
[WhiteTitle "GM"]
[BlackTitle "GM"]
[WhiteElo "2832"]
[BlackElo "2750"]
[WhiteFideId "1503014"]
[BlackFideId "4126025"]
[EventDate "2017.05.03"]

1. e4 c5 2. Nf3 e6 3. d3 Nc6 4. g3 Nge7 5. Bg2 g6 6. O-O Bg7 7. c3 O-O 8. Re1 e5
9. a3 d6 10. b4 Be6 11. b5 Nb8 12. c4 h6 13. Nc3 Nd7 14. Nd5 a6 15. Rb1 axb5 16.
Rxb5 b6 17. Qb3 Ra6 18. Bd2 Nc6 19. Rb1 Na7 20. Bc3 Nxb5 21. cxb5 Bxd5 22. exd5
c4 23. Qxc4 Rxa3 24. Bb4 Ra4 25. Qb3 Rxb4 26. Qxb4 Nc5 27. Qa3 Qa8 28. Qxa8 Rxa8
29. Nd2 Nxd3 30. Nc4 Ra2 31. Nxb6 e4 32. Nc4 Bd4 33. b6 Rxf2 34. Kh1 Rc2 35. b7
Nf2+ 36. Kg1 Nd3+ 37. Kh1 Nf2+ 38. Kg1 Nd3+ 39. Kh1 Nf2+ 1/2-1/2

[Event "chess.com Speed 3m+2spm 2017"]
[Site "chess.com INT"]
[Date "2017.11.21"]
[Round "3.13"]
[White "Grischuk, Alexander"]
[Black "Carlsen, Magnus"]
[Result "0-1"]
[WhiteTitle "GM"]
[BlackTitle "GM"]
[WhiteElo "2750"]
[BlackElo "2832"]
[WhiteFideId "4126025"]
[BlackFideId "1503014"]
[EventDate "2017.05.03"]

1. e4 e5 2. Nf3 Nc6 3. Bb5 a6 4. Ba4 Nf6 5. O-O Be7 6. d3 d6 7. c3 O-O 8. Re1
Re8 9. Nbd2 Bf8 10. h3 Bd7 11. Nf1 Ne7 12. Bb3 Ng6 13. Ng3 h6 14. d4 c5 15. Bc2
b5 16. Be3 Rc8 17. a4 b4 18. d5 a5 19. Nd2 c4 20. cxb4 axb4 21. b3 c3 22. Nc4
Nf4 23. Qf3 Rxc4 24. bxc4 Qa5 25. Bxf4 exf4 26. Qxf4 Qc5 27. Bb3 Bc8 28. e5 dxe5
29. Rxe5 Qd6 30. Rae1 Nd7 31. Nf5 Qxe5 32. Rxe5 Nxe5 33. d6 Nd3 34. Qf3 Re1+ 35.
Kh2 Ne5 36. Qf4 g5 37. Qd4 Bxf5 38. c5 Nc6 39. Qd5 Be6 40. Qxc6 Bxb3 41. d7 Rd1
42. Qb6 c2 0-1

[Event "chess.com Speed 3m+2spm 2017"]
[Site "chess.com INT"]
[Date "2017.11.21"]
[Round "3.14"]
[White "Carlsen, Magnus"]
[Black "Grischuk, Alexander"]
[Result "1/2-1/2"]
[WhiteTitle "GM"]
[BlackTitle "GM"]
[WhiteElo "2832"]
[BlackElo "2750"]
[WhiteFideId "1503014"]
[BlackFideId "4126025"]
[EventDate "2017.05.03"]

1. d4 Nf6 2. c4 g6 3. g3 Bg7 4. Bg2 O-O 5. Nf3 d6 6. O-O Nbd7 7. Nc3 e5 8. b3
exd4 9. Nxd4 Re8 10. e4 Nc5 11. f3 c6 12. Be3 d5 13. Nxc6 bxc6 14. Bxc5 dxc4 15.
Qxd8 Rxd8 16. Rfd1 Be6 17. bxc4 Nd7 18. Bd4 Ne5 19. Nd5 cxd5 20. cxd5 Bd7 21. f4
Nc4 22. e5 a5 23. Rdc1 Rac8 24. Rc3 Nd6 25. Rxc8 Rxc8 26. Rb1 h5 27. Bf2 Nf5 28.
Be4 Rc4 29. Bd3 Rc3 30. Rb3 Rxb3 31. axb3 a4 32. bxa4 Bxa4 33. Bc5 Bd7 34. Kf2
Bf8 35. d6 Bg7 36. Bc4 Kf8 37. Bd5 Ke8 38. Kf3 Bh6 39. h3 Ng7 40. g4 hxg4+ 41.
hxg4 Ne6 42. Be3 Nd8 43. Be4 Bg7 44. Bd5 g5 45. f5 Bxe5 46. Bxg5 Nc6 47. Bf4 Bg7
48. Ke4 Nb4 49. Bb7 Ba4 50. Be5 Bh6 51. Kf3 Kd7 52. Be4 Nc6 53. Bf4 Bf8 54. Bd5
f6 55. g5 fxg5 56. Bxg5 Kxd6 57. Bxc6 Bxc6+ 58. Kg3 Ke5 59. Bf4+ Kxf5 60. Bb8
Bc5 61. Bc7 1/2-1/2

[Event "chess.com Speed 3m+2spm 2017"]
[Site "chess.com INT"]
[Date "2017.11.21"]
[Round "3.15"]
[White "Grischuk, Alexander"]
[Black "Carlsen, Magnus"]
[Result "0-1"]
[WhiteTitle "GM"]
[BlackTitle "GM"]
[WhiteElo "2750"]
[BlackElo "2832"]
[WhiteFideId "4126025"]
[BlackFideId "1503014"]
[EventDate "2017.05.03"]

1. e4 e5 2. Nf3 Nc6 3. Bb5 Nf6 4. O-O Nxe4 5. d4 Nd6 6. Bxc6 dxc6 7. dxe5 Nf5 8.
Qxd8+ Kxd8 9. h3 h6 10. Rd1+ Ke8 11. Nc3 Ne7 12. b3 Ng6 13. Bb2 Be7 14. Ne4 c5
15. Nc3 Nf4 16. e6 f6 17. Re1 Nxe6 18. Nd5 Kf7 19. Nh4 Rd8 20. Nxe7 Kxe7 21.
Nf5+ Kf7 22. Re2 Nf4 0-1

[Event "chess.com Speed 3m+2spm 2017"]
[Site "chess.com INT"]
[Date "2017.11.21"]
[Round "3.16"]
[White "Carlsen, Magnus"]
[Black "Grischuk, Alexander"]
[Result "1-0"]
[WhiteTitle "GM"]
[BlackTitle "GM"]
[WhiteElo "2832"]
[BlackElo "2750"]
[WhiteFideId "1503014"]
[BlackFideId "4126025"]
[EventDate "2017.05.03"]

1. e4 c5 2. Nf3 e6 3. d4 cxd4 4. Nxd4 Nc6 5. Nc3 Qc7 6. Be3 a6 7. Bd3 b5 8. O-O
Bb7 9. Re1 Nf6 10. Nxc6 Qxc6 11. Bd4 Be7 12. Qf3 d6 13. a3 O-O 14. Qg3 Rad8 15.
Rad1 Nh5 16. Qf3 Nf6 17. Qh3 Ne8 18. Nd5 Qd7 19. e5 g6 20. Nf6+ Bxf6 21. exf6 e5
22. Qh4 Qe6 23. f4 Qxf6 24. Qxf6 Nxf6 25. fxe5 dxe5 26. Bxe5 Nd5 27. c4 bxc4 28.
Bxc4 Rfe8 29. b4 Re6 30. Bb2 Rxe1+ 31. Rxe1 Kf8 32. Bd4 Nf4 33. Bc5+ Kg7 34. Re7
Bd5 35. Bxa6 Bxg2 36. Be3 Nd5 37. Bd4+ Kf8 38. Re2 Bf3 39. Bc5+ Kg7 40. Rd2 Re8
41. Bb7 Rd8 42. a4 Kf6 43. a5 Ke5 44. a6 1-0

[Event "chess.com Speed 1m+1spm 2017"]
[Site "chess.com INT"]
[Date "2017.11.21"]
[Round "3.18"]
[White "Carlsen, Magnus"]
[Black "Grischuk, Alexander"]
[Result "0-1"]
[WhiteTitle "GM"]
[BlackTitle "GM"]
[WhiteElo "2832"]
[BlackElo "2750"]
[WhiteFideId "1503014"]
[BlackFideId "4126025"]
[EventDate "2017.05.03"]

1. Nf3 Nf6 2. g3 g6 3. Bg2 Bg7 4. O-O O-O 5. c4 d6 6. Nc3 e5 7. d3 Re8 8. Rb1
Nbd7 9. b4 a5 10. b5 Nc5 11. Ba3 Rb8 12. Nd2 h5 13. b6 cxb6 14. Nd5 Nxd5 15.
Bxd5 h4 16. Bxc5 bxc5 17. Ne4 Be6 18. Bxe6 Rxe6 19. Nc3 Re8 20. e4 Qd7 21. Qf3
Rf8 22. Rb6 f5 23. Rfb1 hxg3 24. hxg3 f4 25. g4 Bf6 26. Nd5 Bd8 27. R6b5 Kg7 28.
Kg2 Rh8 29. Qd1 Rh4 30. f3 Kh6 31. Qb3 b6 32. Nxb6 Qh7 33. Nd5 Kg5 34. Rxb8 Rh2+
35. Kf1 Qh3+ 36. Ke1 Qg3+ 0-1

[Event "chess.com Speed 1m+1spm 2017"]
[Site "chess.com INT"]
[Date "2017.11.21"]
[Round "3.19"]
[White "Grischuk, Alexander"]
[Black "Carlsen, Magnus"]
[Result "1-0"]
[WhiteTitle "GM"]
[BlackTitle "GM"]
[WhiteElo "2750"]
[BlackElo "2832"]
[WhiteFideId "4126025"]
[BlackFideId "1503014"]
[EventDate "2017.05.03"]

1. e4 e5 2. Nf3 Nc6 3. Bc4 Bc5 4. b4 Bb6 5. a4 a5 6. b5 Nd4 7. Nc3 d6 8. Nd5 Bg4
9. c3 Nxf3+ 10. gxf3 Bh5 11. Rg1 Ne7 12. Nxb6 cxb6 13. Rxg7 d5 14. exd5 Nf5 15.
Rg1 Qh4 16. Qe2 Qxh2 17. Rg5 Qh1+ 18. Qf1 Qxf3 19. Be2 Qxe2+ 20. Qxe2 Bxe2 21.
Kxe2 Nd6 22. Rxe5+ Kd7 23. Ba3 Rae8 24. Rxe8 Rxe8+ 25. Kd3 Ne4 26. f3 Nf2+ 27.
Kd4 h5 28. Rg1 Re2 29. d3 h4 30. Rg7 Ke8 31. Rg8+ Kd7 32. Rf8 h3 33. Rxf7+ Ke8
34. Rf8+ Kd7 35. Rf7+ Ke8 36. Rh7 Rd2 37. Ke3 Ra2 38. Bd6 Nd1+ 39. Kd4 Rxa4+ 40.
c4 Ra2 41. Bc7 a4 42. d6 1-0